Projeto pesquisa com cafe [Coffea spp., Ceara, Brasil] (Registro n. 309715)
[ somente texto ]
| 000 -LÍDER | |
|---|---|
| campo de controle de tamanho fixo | 01013naa a22003017a 4500 |
| 001 - NÚMERO DE CONTROLE | |
| campo de controle | BR7806101 |
| 003 - IDENTIFICADOR DO NÚMERO DE CONTROLE | |
| campo de controle | BR-BrBNA |
| 005 - DATA E HORÁRIO DA ÚLTIMA TRANSAÇÃO | |
| campo de controle | 20240918174226.0 |
| 007 - CAMPO FIXO DE DESCRIÇÃO FÍSICA--INFORMAÇÃO GERAL | |
| campo de controle de tamanho fixo | ta |
| 008 - CAMPO DE DADOS FIXOS--INFORMAÇÃO GERAL | |
| campo de controle de tamanho fixo | 230509b bl.||||| |||| 00| 0 por d |
| 040 ## - FONTE DA CATALOGAÇÃO | |
| Instituição da catalogação original | BR-BrBNA |
| Idioma da catalogação | por |
| Instituição que transcreveu o registro | Biblioteca Nacional de Agricultura |
| 041 ## - CÓDIGO DE IDIOMA | |
| Código do idioma do texto/trilha sonora ou título diferente | (Pt) |
| 072 ## - CÓDIGO DE CATEGORIA DE ASSUNTO | |
| Código de Categoria de Assunto | A50; F00 |
| Código do objeto | 2120 |
| -- | G514 |
| 090 ## - NÚMERO DE CHAMADA LOCAL | |
| Número de chamada | A50 BR7806101 |
| 110 1# - ENTRADA PRINCIPAL--NOME CORPORATIVO | |
| Nome corporativo ou nome da jurisdição | Empresa de Pesquisa Agropecuaria do Ceara, Fortaleza (Brasil) |
| 245 1# - TÍTULO | |
| Título | Projeto pesquisa com cafe [Coffea spp., Ceara, Brasil] |
| 260 3# - PUBLICAÇÃO, DISTRIBUIÇÃO, ETC. | |
| Local de publicação, distribuição, etc. | Fortaleza, CE (Brasil): |
| Data da publicação, distribuição, etc. | 1978. |
| 500 ## - NOTA GERAL | |
| Nota geral | Projetos administracao e pesquisa 1979/80<br/>Fortaleza, CE (Brasil): 1978. p. 32-39<br/>(BR7806101-AM)A50<br/> |
| 650 ## - ASSUNTO--TERMO TÓPICO | |
| Cabeçalho tópico ou nome geográfico | PROJETO DE PESQUISA |
| 650 ## - ASSUNTO--TERMO TÓPICO | |
| Cabeçalho tópico ou nome geográfico | PROJETO AGRICOLA |
| 650 ## - ASSUNTO--TERMO TÓPICO | |
| Cabeçalho tópico ou nome geográfico | CAFE |
| 650 ## - ASSUNTO--TERMO TÓPICO | |
| Cabeçalho tópico ou nome geográfico | ORCAMENTO |
| 650 ## - ASSUNTO--TERMO TÓPICO | |
| Cabeçalho tópico ou nome geográfico | FINANCIAMENTO |
| 650 ## - ASSUNTO--TERMO TÓPICO | |
| Cabeçalho tópico ou nome geográfico | CEARA |
| 773 0# - ENTRADA ANALÍTICA | |
| Título | Projetos administracao e pesquisa 1979/80 |
| Número de controle do registro | A50 BR7806101 |
| Partes relacionadas | Fortaleza, CE (Brasil), 1978. p. 32-39 |
| 909 ## - | |
| -- | 202404 |
| -- | Lucia |
| -- | 55 |
| -- | Lucia Elande |
| 942 ## - ELEMENTOS DE ENTRADA ADICIONADOS (KOHA) | |
| Tipo de material Koha | Capítulo-Livro |
| Fonte da classificação ou esquema de arquivamento na estante | Classificação AGRIS |
| Situação do descarte | Fonte da classificação ou esquema de arquivamento na estante | Situação física | Não pode ser emprestado | Coleção | Biblioteca de origem | Biblioteca atual | Localização na estante | Total de empréstimos | Número de telefone completo | Data de último acesso | Número do exemplar | Tipo de material Koha | Situação das perdas | Data de aquisição | Fonte de aquisição |
|---|---|---|---|---|---|---|---|---|---|---|---|---|---|---|---|
| Classificação AGRIS | Biblioteca Nacional de Agricultura - Binagri | Biblioteca Nacional de Agricultura - Binagri | Agrobase - Acervo Geral | 0430 BR7806096 | 20/05/2024 | 01 | Capítulo-Livro | 2024-04-11 | Portaria Interministerial nº 164/94 |

BINAGRI